Learning phonic spelling/. (Record no. 113157)
[ view plain ]
| 000 -LEADER | |
|---|---|
| fixed length control field | 00677nam a2200253 a 4500 |
| 001 - CONTROL NUMBER | |
| control field | 2807 |
| 005 - DATE AND TIME OF LATEST TRANSACTION | |
| control field | 20140414132005.0 |
| 008 - FIXED-LENGTH DATA ELEMENTS--GENERAL INFORMATION | |
| fixed length control field | 051021s19uu xx 00 eng d |
| 020 ## - INTERNATIONAL STANDARD BOOK NUMBER | |
| International Standard Book Number | 0721433995 |
| 050 ## - LIBRARY OF CONGRESS CALL NUMBER | |
| Classification number | TR 414 |
| Item number | H21 1994 |
| 050 ## - LIBRARY OF CONGRESS CALL NUMBER | |
| Classification number | TR 372.4 |
| Item number | B35 L.3(PAS) |
| 100 ## - MAIN ENTRY--PERSONAL NAME | |
| Personal name | Harker,Jillian |
| 245 ## - TITLE STATEMENT | |
| Title | Learning phonic spelling/. |
| 260 ## - PUBLICATION, DISTRIBUTION, ETC. (IMPRINT) | |
| Place of publication, distribution, etc | United Kingdom : |
| Name of publisher, distributor, etc | Ladybird Books,Ltd, |
| Date of publication, distribution, etc | 1994. |
| 300 ## - PHYSICAL DESCRIPTION | |
| Extent | 32 |
| 440 ## - SERIES STATEMENT/ADDED ENTRY--TITLE | |
| Title | Ladybird. |
| 500 ## - GENERAL NOTE | |
| General note | Phonics and fluency--dictation and spelling. |
| 526 ## - STUDY PROGRAM INFORMATION NOTE | |
| Reading level | Grade 3 |
| 650 ## - SUBJECT ADDED ENTRY--TOPICAL TERM | |
| Topical term or geographic name as entry element | Reading- |
| General subdivision | Study and teaching. |
| 650 ## - SUBJECT ADDED ENTRY--TOPICAL TERM | |
| Topical term or geographic name as entry element | Reading- |
| General subdivision | skills. |
| 700 ## - ADDED ENTRY--PERSONAL NAME | |
| Personal name | Geraldine Taylor |
| Withdrawn status | Lost status | Damaged status | Use restrictions | Home library | Current library | Shelving location | Date acquired | Source of acquisition | Total Checkouts | Full call number | Barcode | Date last seen | Price effective from | Koha item type |
|---|---|---|---|---|---|---|---|---|---|---|---|---|---|---|
| Munich Library | Munich Library | Teachers Reference Section | 10/21/2005 | TR 414 H21 1994 | M4660 | 04/14/2014 | 04/14/2014 | Books | ||||||
| Munich Library | Munich Library | Teachers Reference Section | 10/21/2005 | TR 372.4 B35 L.3(PAS) | M4659 | 04/14/2014 | 04/14/2014 | Books |